Quyền xã hội ở Việt Nam và Đông Á: Phân tích so sánh thể chế /

שמור ב:
מידע ביבליוגרפי
מחבר ראשי: Sebastian Sirén
פורמט: Bài viết
שפה:Vietnamese
נושאים:
תגים: הוספת תג
אין תגיות, היה/י הראשונ/ה לתייג את הרשומה!
Thư viện lưu trữ: Thư viện Trường Đại học Đà Lạt
LEADER 00811nam a2200265 4500
001 DLU140164497
005 ##20140926
040 # # |a DLU  |b vie 
041 # # |a vie 
044 # # |a vn 
100 # # |a Sebastian Sirén 
245 # # |a Quyền xã hội ở Việt Nam và Đông Á: Phân tích so sánh thể chế /  |c Sebastian Sirén 
653 # # |a Bảo hiểm xã hội 
653 # # |a Quyền công dân 
653 # # |a Thể chế nhà nước 
773 # # |t Tạp chí Khoa học Xã hội Việt Nam  |g Số 9(70), 2013, tr. 63-74 
920 # # |a Phòng Tạp chí -- Trung tâm Thông tin - Thư viện Trường Đại học Đà Lạt 
994 # # |a DLU 
900 # # |a True 
911 # # |a Nguyễn Thị Tưởng 
925 # # |a G 
926 # # |a A 
927 # # |a BB 
980 # # |a Thư viện Trường Đại học Đà Lạt